000 00361nam a22001337a 4500
020 _qHB.
040 _cFIZZA ISHAQ
082 _a940.404
_bRUT
100 _aSCURR,RUTH.
_9132646
245 _aFATAL PURITY ROBESPIERRE AND THE FRENCH REVOLUTION /
_cRUTH SCURR.
260 _aNEW YORK ;
_bMETROPOLITAN,
_c2006.
300 _a408 P. ;
_c9.9X6.5IN
942 _2ddc
_cBK
999 _c616854
_d616854